000 00367pam a2200157a 44500
008 230515b1973 xxu||||| |||| 00| 0 eng d
020 _aNULL
041 _aENGLISH
082 _a630
100 _a6916-1973
245 _aCODE OF PRACTICE FOR FABRICATION WELDING OF STEEL CASTINGS
250 _a0
260 _aDELHI
_bISI
_c1973
300 _a17
650 _aNULL
999 _c651829
_d651829